000 00196nam a2200097 4500
005 20250809101409.0
008 m
245 _aCollins English Dictionary
300 _axxxvii, 1785p
942 _2lcc
_cBK
_n0
999 _c7252
_d7252